000 00617nam a22002057a 4500
008 150408b xxu||||| |||| 00| 0 eng d
020 _a9780071629386
041 0 _aeng
080 _a330.322.1
100 _aPalicka, John.
245 1 0 _aFusion analysis :
_cV. John Palicka.
260 _aNew York :
_bMcGraw-Hill,
_c2012.
300 _a460 f.:
_bme il.;
_c24 cm.
505 _aIndex: f.460-443
650 0 _aInvestimet
650 0 _aAnaliza
650 0 _aOrganizimi
650 0 _aSiguria
942 _2udc
_cBK
999 _c665
_d665